000 00422nmm a2200157Ia 4500
008 251105s9999||||xx |||||||||||||||||und||
020 _a9789562420969
041 _aspa
100 _aReyes, Gloria
245 0 _aPsicodrama
264 _a[Santiago de Chile, Chile] :
_bCuatro Vientos,
_c2013
300 _a185 páginas
650 _aPsychology
856 _uhttps://public.digitaliapublishing.com/a/21346
942 _cCF
999 _c94197
_d94197